Озарение; Агни Йога. Листы сада М

Λεπτομέρειες βιβλιογραφικής εγγραφής
Parent link:Агни Йога. Листы сада М/ Общество СССР-Индия, Новосиб. отд-ние. Т. 2.— , 1990
Γλώσσα:Ρωσικά
Έκδοση: 1990
Θέματα:
Μορφή: Βιβλίο
KOHA link:https://koha.lib.tpu.ru/cgi-bin/koha/opac-detail.pl?biblionumber=18889

MARC

LEADER 00000nam0a2200000 4500
001 18889
005 20231030191444.0
035 |a (RuTPU)RU\TPU\book\19044 
035 |a BOOK00003732 
090 |a 18889 
100 |a 20011209d1990 km y0rusy50 ca 
101 0 |a rus 
102 |a RU 
105 |a y z 000zy 
200 1 |a Озарение 
210 |d 1990 
215 |a 182 с. 
461 |t Агни Йога. Листы сада М  |v Т. 2  |f Общество СССР-Индия, Новосиб. отд-ние  |d 1990 
610 1 |a религия 
610 1 |a этика 
610 1 |a живая этика 
610 1 |a философия 
610 1 |a неотеософия 
610 1 |a Агни Йога 
686 |a Ю7  |v LBC/SL-A  |2 rubbk 
686 |a Э29(5Ид)  |v LBC/SL-A  |2 rubbk 
801 0 |a RU  |b 63413507  |c 20011209  |g PSBO 
801 2 |a RU  |b 63413507  |c 20111015  |g PSBO 
942 |c BK